Firemní "vězni", lidé bez motivace v práci
Firemní "väzni" - zamestnanci, ktorí zostávajú vo firme, aj keď nie sú spokojní. Typológia "väzňov". Život v strachu a potreba príjmu. Radoví pracovníci verzus akčnejší manažéri. Chýbajúci pocit zmysluplnej práce. Nemotivovaní, nie nespokojní. Užitočnosť a komunita. Motivácia verzus manipulácia. Ume...
Gespeichert in:
| 1. Verfasser: | |
|---|---|
| Format: | Buchkapitel |
| Sprache: | Tschechisch |
| Schlagworte: | |
| Tags: |
Keine Tags, Fügen Sie das erste Tag hinzu!
|
MARC
| LEADER | 00000naa a2200000 4500 | ||
|---|---|---|---|
| 001 | 0231109 | ||
| 005 | 20221104111840.6 | ||
| 041 | 0 | |a cze | |
| 044 | |a CZ | ||
| 245 | 1 | 0 | |a Firemní "vězni", lidé bez motivace v práci |c Hana Kejhová |
| 520 | |a Firemní "väzni" - zamestnanci, ktorí zostávajú vo firme, aj keď nie sú spokojní. Typológia "väzňov". Život v strachu a potreba príjmu. Radoví pracovníci verzus akčnejší manažéri. Chýbajúci pocit zmysluplnej práce. Nemotivovaní, nie nespokojní. Užitočnosť a komunita. Motivácia verzus manipulácia. Umenie "zapaľovať" druhých. | ||
| 610 | 2 | 0 | |a práca |
| 610 | 2 | 0 | |a zamestnanie |
| 610 | 2 | 0 | |a zamestnanci |
| 610 | 2 | 0 | |a manažéri |
| 610 | 2 | 0 | |a motivácia pracovná |
| 610 | 2 | 0 | |a spokojnosť v práci |
| 610 | 2 | 0 | |a prieskum |
| 610 | 2 | 0 | |a Česko |
| 100 | 1 | |a Kejhová, Hana | |